000 01082nac a22002897a 4500
001 BR8401186
003 BR-BrBNA
005 20240105115936.0
008 230509b bl.|||m| |||| 00| 0 por d
040 _aBR-BrBNA
_bpor
_cBiblioteca Nacional de Agricultura
072 _aF30
090 _a2480 BR8401186
100 1 _aKalil Filho, A.N.
100 1 _aOliveira, R.P. de
110 1 _aUnidade de Execucao de Pesquisa de Ambito Estadual de Altamira, PA (Brasil)
_910343
245 1 _aPropagacao vegetativa de clones de seringueira na regiao de Altamira, Para [Hevea brasiliensis, Brasil]
246 1 _a[Vegetative propagation of rubber tree clones in Altamira, Para [Hevea brasiliensis, Brazil]]
260 3 _aAltamira, PA (Brasil):
_c1983.
300 _a6 p.
490 _aComunicado Tecnico - Unidade de Execucao de Pesquisa de Ambito Estadual de Altamira (Brazil)
_vno. 8
_xISSN 0101-3572
650 _aSERINGUEIRA
650 _aCLONE
650 _aREPRODUCAO VEGETAL
650 _aPARA
909 _a202312
_bLúcia Elande
_c55
_dLúcia Elande
942 _2AGRIS
_n0
_cMS
999 _c277184
_d277184